[Event "Budapest SixDays 09 GM-A"]
[Site "Budapest"]
[Date "2023.09.21"]
[Round "6"]
[White "Wong, Yinn Long"]
[Black "Berczes, David"]
[Result "1/2-1/2"]
[WhiteElo "2371"]
[BlackElo "2451"]
[PlyCount "59"]
[EventDate "2023.09.18"]
[EventType "tourn"]
[EventRounds "9"]
[EventCountry "HUN"]
[EventCategory "7"]
[SourceTitle "EXT 2024"]
[Source "ChessBase"]
[SourceDate "2023.10.10"]
[SourceVersion "1"]
[SourceVersionDate "2023.10.10"]
[SourceQuality "1"]

1. e4 c5 2. Nc3 Nc6 3. Bb5 Nd4 4. Nf3 a6 5. Bd3 g6 6. Nxd4 cxd4 7. Ne2 d5 8. c3 dxe4 9. Bxe4 dxc3 10. Qa4+ Bd7 11. Qd4 cxb2 12. Bxb2 Nf6 13. Bxb7 Rb8 14. Bxa6 Bg7 15. Bc3 Nh5 16. Qe3 0-0 17. 0-0 Bxc3 18. Nxc3 Ng7 19. a4 Nf5 20. Qf4 Bc6 21. Rfb1 Rxb1+ 22. Rxb1 Qa8 23. Bd3 Bxg2 24. Bxf5 gxf5 25. Re1 Bh1 26. f3 Qxf3 27. Qxf3 Bxf3 28. Rxe7 Rd8 29. Kf2 Bc6 30. Ke3 1/2-1/2

[Event "Budapest SixDays 09 GM"]
[Site "Budapest"]
[Date "2023.09.16"]
[Round "7"]
[White "Wong, Yinn Long"]
[Black "Ilincic, Zlatko"]
[Result "0-1"]
[WhiteElo "2371"]
[BlackElo "2289"]
[PlyCount "116"]
[EventDate "2023.09.12"]
[EventType "tourn"]
[EventRounds "9"]
[EventCountry "HUN"]
[EventCategory "6"]
[SourceTitle "EXT 2024"]
[Source "ChessBase"]
[SourceDate "2023.10.10"]
[SourceVersion "1"]
[SourceVersionDate "2023.10.10"]
[SourceQuality "1"]

1. d4 Nf6 2. Nf3 g6 3. b3 Bg7 4. Bb2 0-0 5. e3 d6 6. Be2 e5 7. dxe5 Ng4 8. c4 Nc6 9. Nc3 Ngxe5 10. 0-0 Nxf3+ 11. Bxf3 Ne5 12. Be2 f5 13. Qd2 c6 14. Rad1 Nf7 15. f4 Be6 16. Bf3 Qe7 17. Rfe1 Rfe8 18. g3 Qf8 19. e4 h5 20. Kg2 Re7 21. Qf2 a6 22. c5 dxc5 23. e5 c4 24. Ba3 cxb3 25. axb3 Qe8 26. Bxe7 Qxe7 27. Rb1 a5 28. Na4 Bf8 29. Rbc1 Qb4 30. Nc5 Bxc5 31. Qxc5 Qxc5 32. Rxc5 Bxb3 33. Ra1 a4 34. Bd1 Bxd1 35. Rxd1 Nd8 36. e6 Nxe6 37. Re5 Nf8 38. Re7 b5 39. Rc7 Ra6 40. Rd8 a3 41. Rcc8 a2 42. Rxf8+ Kg7 43. Rg8+ Kf7 44. Rcf8+ Ke7 45. Re8+ Kd7 46. Re1 a1Q 47. Rxa1 Rxa1 48. Rg7+ Kd6 49. Rxg6+ Kc7 50. Rg7+ Kb6 51. Rg8 b4 52. Rb8+ Kc5 53. Kh3 Ra5 54. Kh4 Rb5 55. Re8 b3 56. Re1 b2 57. Rb1 Kc4 58. Kxh5 Kc3 0-1

[Event "Budapest SixDays 09 GM"]
[Site "Budapest"]
[Date "2023.09.15"]
[Round "6"]
[White "Siddharth, Jagadeesh"]
[Black "Wong, Yinn Long"]
[Result "1-0"]
[WhiteElo "2391"]
[BlackElo "2371"]
[PlyCount "131"]
[EventDate "2023.09.12"]
[EventType "tourn"]
[EventRounds "9"]
[EventCountry "HUN"]
[EventCategory "6"]
[SourceTitle "EXT 2024"]
[Source "ChessBase"]
[SourceDate "2023.10.10"]
[SourceVersion "1"]
[SourceVersionDate "2023.10.10"]
[SourceQuality "1"]

1. b3 c5 2. Bb2 Nc6 3. c4 d6 4. Nf3 e5 5. Nc3 f5 6. d3 Nf6 7. Nd2 Be6 8. g3 d5 9. cxd5 Nxd5 10. Bg2 Be7 11. 0-0 0-0 12. Nc4 Rc8 13. Rc1 Bg5 14. Rb1 Bf6 15. Nxd5 Bxd5 16. Bh3 Be6 17. e4 Qd7 18. exf5 Bf7 19. Bg2 b5 20. Ne3 Nd4 21. Be4 a5 22. Ng4 Qd6 23. Qd2 b4 24. Ne3 Bg5 25. h4 Bf6 26. Nc4 Qa6 27. Bxd4 exd4 28. Qf4 Rfd8 29. g4 Be7 30. g5 Rf8 31. Qg4 g6 32. f6 Bxf6 33. gxf6 Qxf6 34. Qg5 Be6 35. f4 a4 36. Kh2 Qg7 37. h5 Rf6 38. h6 Qf8 39. f5 Bxf5 40. Rxf5 Rxf5 41. Bxf5 Qxf5 42. Qxf5 gxf5 43. Rg1+ Kf8 44. Rg7 axb3 45. axb3 Rc6 46. Rxh7 Kg8 47. Rg7+ Kf8 48. Rg5 Rxh6+ 49. Kg3 Rh1 50. Rxf5+ Ke7 51. Kf3 Rb1 52. Rxc5 Rxb3 53. Ke4 Rb1 54. Rb5 Kd7 55. Kd5 Kc7 56. Kc5 b3 57. Kxd4 Kc6 58. Rxb3 Rh1 59. Rb6+ Kc7 60. Rg6 Rh3 61. Ne5 Rh4+ 62. Kd5 Ra4 63. Rg7+ Kb6 64. Nc4+ Kb5 65. Rb7+ Ka6 66. Rb3 1-0

[Event "Titled Tuesday intern op 15th Aug Early"]
[Site "Chess.com INT"]
[Date "2023.08.15"]
[Round "1"]
[White "Wong, Yinn Long"]
[Black "Fernandez Garcia, Gumersindo"]
[Result "1-0"]
[WhiteElo "2371"]
[BlackElo "2162"]
[PlyCount "91"]
[EventDate "2023.08.15"]
[EventType "swiss (blitz)"]
[EventRounds "11"]
[EventCountry "USA"]
[SourceTitle "EXT 2024"]
[Source "ChessBase"]
[SourceDate "2023.10.10"]
[SourceVersion "1"]
[SourceVersionDate "2023.10.10"]
[SourceQuality "1"]

1. d4 Nf6 2. Nf3 e6 3. c4 d5 4. cxd5 exd5 5. Nc3 c6 6. Bg5 Be7 7. e3 h6 8. Bh4 0-0 9. Bd3 Nbd7 10. 0-0 Re8 11. Qc2 Nf8 12. Rab1 Ne4 13. Bxe7 Qxe7 14. Bxe4 dxe4 15. Nd2 f5 16. d5 Bd7 17. Qb3 Qf7 18. dxc6 Bxc6 19. Qxf7+ Kxf7 20. Nb3 Ne6 21. Rfd1 Red8 22. Na5 Rxd1+ 23. Rxd1 Rd8 24. Nxc6 Rxd1+ 25. Nxd1 bxc6 26. h4 g5 27. hxg5 hxg5 28. g3 Nc5 29. Kf1 Nd3 30. Ke2 Ke6 31. f4 g4 32. Kd2 Kd5 33. b3 c5 34. Nc3+ Kc6 35. Nd1 Nb4 36. Nc3 a6 37. Ke2 c4 38. Kd2 cxb3 39. axb3 Nd3 40. Ne2 Kd5 41. Nd4 Nc5 42. Kc3 Nd3 43. Nxf5 a5 44. Nh6 Nf2 45. Ng8 Ke6 46. Kd4 1-0

[Event "Titled Tuesday intern op 15th Aug Early"]
[Site "Chess.com INT"]
[Date "2023.08.15"]
[Round "7"]
[White "Wong, Yinn Long"]
[Black "Molenda, Marcin"]
[Result "1-0"]
[WhiteElo "2371"]
[BlackElo "2392"]
[PlyCount "97"]
[EventDate "2023.08.15"]
[EventType "swiss (blitz)"]
[EventRounds "11"]
[EventCountry "USA"]
[SourceTitle "EXT 2024"]
[Source "ChessBase"]
[SourceDate "2023.10.10"]
[SourceVersion "1"]
[SourceVersionDate "2023.10.10"]
[SourceQuality "1"]

1. Nf3 d5 2. g3 c5 3. Bg2 Nf6 4. 0-0 e6 5. d3 Be7 6. Nbd2 0-0 7. e4 Nc6 8. Re1 b5 9. e5 Nd7 10. Nf1 b4 11. h4 a5 12. h5 h6 13. N1h2 Ba6 14. Ng4 Re8 15. Nxh6+ gxh6 16. Bxh6 Kh7 17. Bf4 Rg8 18. Qd2 Nd4 19. Nxd4 cxd4 20. Bf3 Bg5 21. Kg2 Rc8 22. Re2 Kh6 23. Rh1 Rg7 24. Rh4 Bxf4 25. Qxf4+ Qg5 26. Qxd4 Rcg8 27. Rg4 Qc1 28. Rxg7 Rxg7 29. Re3 Rg5 30. Qa7 Bb5 31. Qd4 Qxc2 32. Qf4 Qc8 33. Qxf7 Qg8 34. Qe7 a4 35. Bd1 a3 36. Qxb4 axb2 37. Qxb5 d4 38. Re4 Qb8 39. Qxb8 Nxb8 40. Bc2 Nc6 41. Bb1 Rg7 42. Re2 Rb7 43. g4 Kg5 44. Kg3 Rb5 45. f4+ Kh6 46. Kh4 Ne7 47. Rc2 Nd5 48. Rc6 Nc3 49. Rc7 1-0

[Event "Titled Tuesday intern op 15th Aug Early"]
[Site "Chess.com INT"]
[Date "2023.08.15"]
[Round "9"]
[White "Wong, Yinn Long"]
[Black "Przybylski, Wojciech"]
[Result "1-0"]
[WhiteElo "2371"]
[BlackElo "2308"]
[PlyCount "71"]
[EventDate "2023.08.15"]
[EventType "swiss (blitz)"]
[EventRounds "11"]
[EventCountry "USA"]
[SourceTitle "EXT 2024"]
[Source "ChessBase"]
[SourceDate "2023.10.10"]
[SourceVersion "1"]
[SourceVersionDate "2023.10.10"]
[SourceQuality "1"]

1. Nf3 Nf6 2. g3 d5 3. Bg2 c6 4. 0-0 Bg4 5. d3 e6 6. Qe1 Nbd7 7. b3 Bc5 8. Bb2 0-0 9. Nbd2 a5 10. a3 b5 11. h3 Bxf3 12. exf3 Re8 13. f4 Qb6 14. Nf3 Qa7 15. Kh2 Bd6 16. Ne5 Qc7 17. Qe2 a4 18. d4 c5 19. dxc5 Nxc5 20. Qe3 Ncd7 21. Qe2 Rab8 22. Rad1 Rec8 23. Rd2 b4 24. Nxd7 Nxd7 25. Qg4 Bf8 26. axb4 Rxb4 27. Ba3 Nf6 28. Qd1 Rbb8 29. Bxf8 Rxf8 30. bxa4 Rb4 31. Rd4 Qa5 32. Qd2 Rfb8 33. Rb1 Ne4 34. Bxe4 Rxb1 35. Qxa5 dxe4 36. Rd8+ 1-0

[Event "Titled Tuesday intern op 25th Apr Early"]
[Site "Chess.com INT"]
[Date "2023.04.25"]
[Round "3"]
[White "Goltseva, Ekaterina"]
[Black "Wong, Yinn Long"]
[Result "0-1"]
[WhiteElo "2283"]
[BlackElo "2371"]
[PlyCount "60"]
[EventDate "2023.04.25"]
[EventType "swiss (blitz)"]
[EventRounds "11"]
[EventCountry "USA"]
[SourceTitle "EXT 2024"]
[Source "ChessBase"]
[SourceDate "2023.10.10"]
[SourceVersion "1"]
[SourceVersionDate "2023.10.10"]
[SourceQuality "1"]

1. d4 Nf6 2. c4 c5 3. d5 b5 4. cxb5 a6 5. bxa6 Bxa6 6. Nc3 d6 7. e4 Bxf1 8. Kxf1 g6 9. g3 Bg7 10. Kg2 0-0 11. Nf3 Qa5 12. Bd2 Qa6 13. a4 Nbd7 14. Qc2 e6 15. dxe6 fxe6 16. Ng5 Rae8 17. Nb5 Qc6 18. f3 d5 19. Rhe1 h6 20. exd5 exd5 21. Nh3 Ne5 22. Nf4 d4 23. Rf1 g5 24. Nd3 Nxf3 25. Rxf3 g4 26. Nxd4 gxf3+ 27. Kf1 Qe4 28. Nxc5 Qxd4 29. Rd1 Ng4 30. Be1 Ne3+ 0-1

[Event "Titled Tuesday intern op 31st Jan Early"]
[Site "Chess.com INT"]
[Date "2023.01.31"]
[Round "1"]
[White "Jimenez, Joaquin Rodrigo"]
[Black "Wong, Yinn Long"]
[Result "0-1"]
[WhiteElo "2195"]
[BlackElo "2371"]
[PlyCount "50"]
[EventDate "2023.01.31"]
[EventType "swiss (blitz)"]
[EventRounds "11"]
[EventCountry "USA"]
[SourceTitle "CBM 212 Extra"]
[Source "ChessBase"]
[SourceDate "2023.03.31"]
[SourceVersion "1"]
[SourceVersionDate "2023.03.31"]
[SourceQuality "1"]

1. e4 c6 2. c4 e5 3. Nf3 Nf6 4. Nc3 Bb4 5. d3 0-0 6. Bg5 h6 7. Bh4 d6 8. h3 Nbd7 9. g4 g5 10. Bg3 Nc5 11. Be2 Ne6 12. h4 Kg7 13. hxg5 hxg5 14. Qd2 Nd7 15. 0-0-0 Nf4 16. Bxf4 exf4 17. a3 Bc5 18. d4 Bb6 19. Bd3 Rh8 20. Rxh8 Qxh8 21. Nxg5 Bxd4 22. Qxf4 Ne5 23. Ne2 Bc5 24. Ng3 Bxg4 25. Rh1 Nxd3+ 0-1

[Event "Titled Tuesday intern op 31st Jan Early"]
[Site "Chess.com INT"]
[Date "2023.01.31"]
[Round "9"]
[White "Lymar, Vladislav"]
[Black "Wong, Yinn Long"]
[Result "0-1"]
[WhiteElo "2066"]
[BlackElo "2371"]
[PlyCount "100"]
[EventDate "2023.01.31"]
[EventType "swiss (blitz)"]
[EventRounds "11"]
[EventCountry "USA"]
[SourceTitle "CBM 212 Extra"]
[Source "ChessBase"]
[SourceDate "2023.03.31"]
[SourceVersion "1"]
[SourceVersionDate "2023.03.31"]
[SourceQuality "1"]

1. e4 c5 2. Nf3 g6 3. g3 Bg7 4. Bg2 Nc6 5. 0-0 Nf6 6. Nc3 0-0 7. d3 d5 8. e5 Nd7 9. Nxd5 e6 10. Nc3 Ndxe5 11. Nxe5 Nxe5 12. Ne4 Qe7 13. Bg5 Qc7 14. Bf6 Bd7 15. Qd2 Bxf6 16. Nxf6+ Kg7 17. Qg5 h6 18. Qf4 g5 19. Nh5+ Kg6 20. Qf6+ Kxh5 21. f4 Ng4 22. Bf3 e5 23. h3 Qb6 24. hxg4+ Bxg4 25. Bxg4+ Kxg4 26. Qxe5 Rae8 27. Qd5 Qc6 28. Qxc6 bxc6 29. Rae1 Kxg3 30. Rxe8 Rxe8 31. fxg5 hxg5 32. a4 f5 33. Rd1 Re2 34. d4 Rxc2 35. Rd3+ Kg4 36. d5 cxd5 37. Rxd5 Rxb2 38. Rxc5 Rb7 39. Kf2 f4 40. Rc2 Rh7 41. Kg2 f3+ 42. Kg1 Kg3 43. a5 f2+ 44. Rxf2 Rh1+ 45. Kxh1 Kxf2 46. Kh2 g4 47. Kh1 g3 48. a6 g2+ 49. Kh2 g1Q+ 50. Kh3 Qg3# 0-1

[Event "Titled Tuesday intern op 31st Jan Early"]
[Site "Chess.com INT"]
[Date "2023.01.31"]
[Round "7"]
[White "Wong, Yinn Long"]
[Black "Jakubowski, Krzysztof"]
[Result "0-1"]
[WhiteElo "2371"]
[BlackElo "2475"]
[PlyCount "140"]
[EventDate "2023.01.31"]
[EventType "swiss (blitz)"]
[EventRounds "11"]
[EventCountry "USA"]
[SourceTitle "CBM 212 Extra"]
[Source "ChessBase"]
[SourceDate "2023.03.31"]
[SourceVersion "1"]
[SourceVersionDate "2023.03.31"]
[SourceQuality "1"]

1. e4 c5 2. Nc3 e6 3. g3 a6 4. Bg2 b5 5. d3 Bb7 6. Nh3 Nc6 7. 0-0 d6 8. f4 Nf6 9. f5 e5 10. Bg5 Be7 11. Qd2 h6 12. Bxf6 Bxf6 13. Nd5 Nb8 14. Nxf6+ Qxf6 15. a4 b4 16. c3 Nc6 17. Nf2 Qg5 18. Qxg5 hxg5 19. f6 g6 20. Nh3 g4 21. Nf2 Bc8 22. Nd1 Be6 23. Ne3 Rb8 24. c4 b3 25. Rf2 Nd4 26. Ra3 Kd7 27. Bf1 Rh5 28. Ra1 Nf3+ 29. Kh1 Rbh8 30. h3 Rxh3+ 31. Bxh3 Rxh3+ 32. Kg2 Rh2+ 33. Kf1 Rh1+ 34. Ke2 Rxa1 35. Nd1 Rc1 36. Rf1 Rc2+ 37. Ke3 Rg2 38. Rh1 Rxg3 39. Kf2 Rh3 40. Rxh3 gxh3 41. Kxf3 a5 42. Ne3 Ke8 43. Kg3 Bd7 44. Nd5 Bxa4 45. Kxh3 Bd7+ 46. Kh4 a4 47. Nc3 Kd8 48. Kg5 Kc7 49. Nb1 Kb6 50. Na3 Bh3 51. Nb5 Kc6 52. Na7+ Kd7 53. Nb5 Bf1 54. Na3 Bxd3 55. Kh6 Bxe4 56. Kg7 Ke6 57. Nb5 a3 58. bxa3 b2 59. Nc7+ Kf5 60. Kxf7 b1Q 61. Ne8 Qb7+ 62. Kg8 Bc6 63. f7 Qxf7+ 64. Kxf7 Bxe8+ 65. Kxe8 e4 66. a4 e3 67. a5 e2 68. a6 e1Q+ 69. Kd7 Qa1 70. Kc7 Qxa6 0-1

[Event "Titled Tuesday intern op 31st Jan Early"]
[Site "Chess.com INT"]
[Date "2023.01.31"]
[Round "10"]
[White "Wong, Yinn Long"]
[Black "Martin Fuentes, Alberto"]
[Result "0-1"]
[WhiteElo "2371"]
[BlackElo "2393"]
[PlyCount "70"]
[EventDate "2023.01.31"]
[EventType "swiss (blitz)"]
[EventRounds "11"]
[EventCountry "USA"]
[SourceTitle "CBM 212 Extra"]
[Source "ChessBase"]
[SourceDate "2023.03.31"]
[SourceVersion "1"]
[SourceVersionDate "2023.03.31"]
[SourceQuality "1"]

1. e4 e6 2. d4 d5 3. Nc3 Bb4 4. e5 Ne7 5. Bd2 b6 6. Nce2 Bxd2+ 7. Qxd2 Ba6 8. h4 c5 9. c3 Nbc6 10. h5 h6 11. f4 Qd7 12. Nf3 Rc8 13. g4 Rc7 14. Kf2 0-0 15. g5 Bxe2 16. Bxe2 Nf5 17. Bd3 cxd4 18. cxd4 hxg5 19. Bxf5 exf5 20. fxg5 Rfc8 21. Rac1 Nd8 22. g6 fxg6 23. hxg6 Ne6 24. Ng5 Qe8 25. Nf7 Rxf7 26. gxf7+ Kxf7 27. Rxc8 Qxc8 28. Qd3 Ng5 29. Ke3 Qe6 30. Qc2 Ne4 31. Qc7+ Kg8 32. Qd8+ Kf7 33. Qc7+ Kg8 34. Rg1 Qh6+ 35. Kd3 Qd2# 0-1

[Event "Titled Tuesday intern op 31st Jan Early"]
[Site "Chess.com INT"]
[Date "2023.01.31"]
[Round "3"]
[White "Wong, Yinn Long"]
[Black "Sanal, Vahap"]
[Result "0-1"]
[WhiteElo "2371"]
[BlackElo "2590"]
[PlyCount "22"]
[EventDate "2023.01.31"]
[EventType "swiss (blitz)"]
[EventRounds "11"]
[EventCountry "USA"]
[SourceTitle "CBM 212 Extra"]
[Source "ChessBase"]
[SourceDate "2023.03.31"]
[SourceVersion "1"]
[SourceVersionDate "2023.03.31"]
[SourceQuality "1"]

1. e4 c5 2. Nc3 e6 3. f4 d5 4. Nf3 Nc6 5. Bb5 Nge7 6. exd5 exd5 7. Qe2 Bd7 8. Nxd5 a6 9. Bd3 Bg4 10. Bc4 Nd4 11. Ng5 Bxe2 0-1

[Event "Titled Tuesday intern op 04th Oct Early"]
[Site "Chess.com INT"]
[Date "2022.10.04"]
[Round "2"]
[White "Jeet, Jain"]
[Black "Wong, Yinn Long"]
[Result "0-1"]
[WhiteElo "2167"]
[BlackElo "2371"]
[PlyCount "162"]
[EventDate "2022.10.04"]
[EventType "swiss (blitz)"]
[EventRounds "11"]
[EventCountry "USA"]
[SourceTitle "EXT 2023"]
[Source "ChessBase"]
[SourceDate "2022.10.05"]
[SourceVersion "1"]
[SourceVersionDate "2022.10.05"]
[SourceQuality "1"]

1. d4 Nf6 2. Nf3 e6 3. Bf4 d5 4. e3 Bd6 5. Bg3 0-0 6. Nbd2 c5 7. c3 Qc7 8. dxc5 Qxc5 9. Bd3 Re8 10. 0-0 Bxg3 11. hxg3 e5 12. e4 Bg4 13. Re1 Nc6 14. exd5 Qxd5 15. Bc4 Qc5 16. Qb3 Re7 17. Ng5 Na5 18. Bxf7+ Kf8 19. Qc2 h6 20. b4 Qc7 21. bxa5 hxg5 22. Bb3 Rd8 23. Nc4 e4 24. Ne3 Qc8 25. Nxg4 Qxg4 26. Rad1 Rd3 27. Bc4 Rxd1 28. Qxd1 Qxd1 29. Rxd1 Rc7 30. Rd4 Rc5 31. a6 bxa6 32. Kf1 Ke7 33. Ke2 a5 34. Kd2 Rf5 35. Ke2 Rc5 36. a4 Rf5 37. Bb5 Rc5 38. c4 Ke6 39. f3 exf3+ 40. gxf3 Ke5 41. Rd8 g4 42. f4+ Kf5 43. Ra8 Rc7 44. Rf8 g5 45. fxg5 Kxg5 46. Ke3 Re7+ 47. Kd4 Ne4 48. c5 Nxg3 49. c6 Nf5+ 50. Kd5 g3 51. Rg8+ Kf4 52. Bd3 Re5+ 53. Kc4 Ne3+ 54. Kb3 Re7 55. Rf8+ Ke5 56. Rg8 g2 57. Kc3 Kd6 58. Bb5 Re4 59. Kd3 Re7 60. Rg6+ Kc7 61. Rg8 Nd5 62. Kd4 Nf4 63. Kc5 Ne6+ 64. Kd5 a6 65. Bd3 Nf4+ 66. Kc4 Re1 67. Be4 g1Q 68. Rxg1 Rxg1 69. Kd4 Re1 70. Ke5 Nd3+ 71. Kd4 Nb4 72. Bc2 Nxc2+ 73. Kc3 Nb4 74. Kb2 Re6 75. Ka3 Rxc6 76. Kb3 Kb6 77. Ka3 Rc3+ 78. Kb2 Rh3 79. Ka1 Nd5 80. Kb1 Kc5 81. Kc1 Kb4 0-1

[Event "Titled Tuesday intern op 04th Oct Early"]
[Site "Chess.com INT"]
[Date "2022.10.04"]
[Round "7"]
[White "Wong, Yinn Long"]
[Black "Budrewicz, Krzysztof"]
[Result "1-0"]
[WhiteElo "2371"]
[BlackElo "2184"]
[PlyCount "111"]
[EventDate "2022.10.04"]
[EventType "swiss (blitz)"]
[EventRounds "11"]
[EventCountry "USA"]
[SourceTitle "EXT 2023"]
[Source "ChessBase"]
[SourceDate "2022.10.05"]
[SourceVersion "1"]
[SourceVersionDate "2022.10.05"]
[SourceQuality "1"]

1. d4 Nf6 2. Bf4 c5 3. e3 Nd5 4. Bg3 Qb6 5. b3 cxd4 6. Qxd4 Qxd4 7. exd4 Nc6 8. c3 d6 9. Nf3 Bg4 10. Be2 g6 11. Kd2 Bh6+ 12. Kc2 Rc8 13. Kb2 Bf5 14. Nbd2 0-0 15. Rhd1 a5 16. Bc4 Bg7 17. Bxd5 b5 18. Be4 Bd7 19. Nf1 b4 20. c4 f5 21. Bd5+ Kh8 22. Kc2 h6 23. h4 f4 24. Bh2 Bf5+ 25. Kb2 e5 26. N1d2 Ne7 27. Be4 Bd7 28. dxe5 Nc6 29. Kc2 Nxe5 30. Nxe5 Bxe5 31. Rac1 g5 32. hxg5 hxg5 33. f3 Kg7 34. Bg1 Rh8 35. c5 Be6 36. Nc4 Bxc4 37. bxc4 dxc5 38. Rd5 Bd4 39. Rxd4 cxd4 40. Bxd4+ Kf7 41. Bxh8 Rxh8 42. Kb3 Ke7 43. c5 Kd7 44. c6+ Kc7 45. Ka4 Rd8 46. Rc2 Ra8 47. Rd2 Kb6 48. Rd7 Rc8 49. Rb7+ Kc5 50. Rb5+ Kc4 51. Rxg5 Rc7 52. Rg8 Kc5 53. Rb8 Kc4 54. Rb7 Rc8 55. c7 Kc5 56. Bf5 1-0

[Event "Titled Tuesday intern op 04th Oct Early"]
[Site "Chess.com INT"]
[Date "2022.10.04"]
[Round "1"]
[White "Wong, Yinn Long"]
[Black "Pujari, Rucha"]
[Result "1-0"]
[WhiteElo "2371"]
[BlackElo "2229"]
[PlyCount "87"]
[EventDate "2022.10.04"]
[EventType "swiss (blitz)"]
[EventRounds "11"]
[EventCountry "USA"]
[SourceTitle "EXT 2023"]
[Source "ChessBase"]
[SourceDate "2022.10.05"]
[SourceVersion "1"]
[SourceVersionDate "2022.10.05"]
[SourceQuality "1"]

1. e4 e5 2. Nf3 Nc6 3. Bc4 Nf6 4. d3 Be7 5. 0-0 0-0 6. a4 d6 7. Re1 h6 8. h3 Nh7 9. d4 exd4 10. Nxd4 Nxd4 11. Qxd4 Bf6 12. Qd3 Be6 13. Nc3 Bxc4 14. Qxc4 Ng5 15. Nd5 Ne6 16. Ra3 c6 17. Ne3 Qa5 18. Rd1 Rfd8 19. b4 Qh5 20. Ng4 Be5 21. Rf3 Qg6 22. Rfd3 Nf4 23. Bxf4 Bxf4 24. e5 h5 25. Qxf4 hxg4 26. hxg4 d5 27. c4 Qe6 28. Qg5 Rac8 29. Rh3 f6 30. exf6 Qxf6 31. Qxf6 gxf6 32. Rhd3 Kf8 33. cxd5 Rxd5 34. Rxd5 cxd5 35. Rxd5 Rc4 36. Rb5 b6 37. f3 Ke7 38. a5 bxa5 39. Rxa5 Rxb4 40. Rxa7+ Ke6 41. Ra5 Rb2 42. Kh2 Kf7 43. Kg3 Kg6 44. Ra8 1-0

[Event "Olympiad-44"]
[Site "Chennai"]
[Date "2022.08.05"]
[Round "7.1"]
[White "Wong, Yinn Long"]
[Black "Cardoso Cardoso, Jose Gabriel"]
[Result "0-1"]
[WhiteElo "2381"]
[BlackElo "2493"]
[PlyCount "66"]
[EventDate "2022.07.29"]
[EventType "team-swiss"]
[EventRounds "11"]
[EventCountry "IND"]
[SourceTitle "CBM 210"]
[Source "ChessBase"]
[SourceDate "2022.10.31"]
[SourceVersion "1"]
[SourceVersionDate "2022.10.31"]
[SourceQuality "1"]
[WhiteTeam "Malaysia"]
[BlackTeam "Colombia"]
[WhiteTeamCountry "MAS"]
[BlackTeamCountry "COL"]

1. d4 Nf6 2. Nf3 d5 3. Bf4 c5 4. e3 Nc6 5. Nbd2 Bg4 6. c3 e6 7. Qa4 Nd7 8. Ne5 Ncxe5 9. Bxe5 cxd4 10. Bxd4 Bf5 11. c4 dxc4 12. Nxc4 b5 13. Qxb5 Rb8 14. Qc6 Bb4+ 15. Bc3 Bxc3+ 16. bxc3 0-0 17. Be2 Rc8 18. Qd6 Nc5 19. Rd1 Ne4 20. Qe5 Qg5 21. g4 Rc5 22. h4 Qe7 23. Qf4 Nxc3 24. gxf5 Rxf5 25. Qd6 Qb7 26. Rg1 Nxe2 27. Rg5 Nc3 28. Qd4 Qh1+ 29. Kd2 Qxd1+ 30. Kxc3 Qxd4+ 31. Kxd4 Rd8+ 32. Kc3 Rxg5 33. hxg5 h5 0-1

[Event "Titled Tuesday intern op 14th Jun Early"]
[Site "Chess.com INT"]
[Date "2022.06.14"]
[Round "2"]
[White "Wong, Yinn Long"]
[Black "Kaminski, Victor Kazimierz"]
[Result "1-0"]
[WhiteElo "2381"]
[BlackElo "2247"]
[PlyCount "65"]
[EventDate "2022.06.14"]
[EventType "swiss (blitz)"]
[EventRounds "11"]
[EventCountry "USA"]
[SourceTitle "EXT 2023"]
[Source "ChessBase"]
[SourceDate "2022.10.05"]
[SourceVersion "1"]
[SourceVersionDate "2022.10.05"]
[SourceQuality "1"]

1. d4 d5 2. Bf4 c5 3. e3 Nc6 4. c3 Nf6 5. Nd2 e6 6. Ngf3 Bd6 7. Bg3 0-0 8. Bd3 Qe7 9. Ne5 Nd7 10. Nxd7 Bxd7 11. Bxd6 Qxd6 12. dxc5 Qxc5 13. Bxh7+ Kxh7 14. Qh5+ Kg8 15. Ne4 Qb5 16. Ng5 Rfd8 17. Qh4 Ne5 18. Qh7+ Kf8 19. Rd1 Ng6 20. h4 Qxb2 21. h5 Qxc3+ 22. Kf1 Bb5+ 23. Kg1 Be2 24. Rd4 Ke7 25. Qxg7 Qe1+ 26. Kh2 Qxf2 27. hxg6 Rh8+ 28. Nh3 Qxe3 29. Qxf7+ Kd6 30. Rf4 Raf8 31. Qxf8+ Rxf8 32. Rxf8 Qe5+ 33. Nf4 1-0

[Event "Titled Tuesday intern op 14th Jun Early"]
[Site "Chess.com INT"]
[Date "2022.06.14"]
[Round "5"]
[White "Wong, Yinn Long"]
[Black "Yilmaz, Mustafa"]
[Result "0-1"]
[WhiteElo "2381"]
[BlackElo "2631"]
[PlyCount "72"]
[EventDate "2022.06.14"]
[EventType "swiss (blitz)"]
[EventRounds "11"]
[EventCountry "USA"]
[SourceTitle "EXT 2023"]
[Source "ChessBase"]
[SourceDate "2022.10.05"]
[SourceVersion "1"]
[SourceVersionDate "2022.10.05"]
[SourceQuality "1"]

1. e4 c5 2. Nc3 Nc6 3. f4 g6 4. Nf3 Bg7 5. Bb5 Nd4 6. 0-0 e6 7. d3 Ne7 8. Nxd4 cxd4 9. Ne2 0-0 10. Ba4 d5 11. e5 Nf5 12. c3 dxc3 13. bxc3 b5 14. Bc2 a5 15. d4 b4 16. g4 Nh4 17. Bd3 Ba6 18. Be3 h5 19. gxh5 Nf5 20. Bf2 Bxd3 21. Qxd3 gxh5 22. Rab1 Rb8 23. Kh1 Kh8 24. Qf3 Bh6 25. Qxh5 Rg8 26. Ng3 Qh4 27. Qf3 Qh3 28. Rg1 bxc3 29. Rxb8 Rxb8 30. Qxc3 Bxf4 31. Qc7 Rg8 32. Qxf7 Bxg3 33. Qf6+ Kh7 34. Bxg3 Nxg3+ 35. Rxg3 Rxg3 36. Qf7+ Rg7 0-1

[Event "SEA Blitz 31st"]
[Site "Ha Long"]
[Date "2022.05.20"]
[Round "3.3"]
[White "Wong, Yinn Long"]
[Black "Le, Quang Liem"]
[Result "0-1"]
[WhiteElo "2381"]
[BlackElo "2709"]
[PlyCount "75"]
[EventDate "2022.05.20"]
[EventType "swiss (blitz)"]
[EventRounds "5"]
[EventCountry "VIE"]
[SourceTitle "CBM 208 Extra"]
[Source "ChessBase"]
[SourceDate "2022.07.31"]
[SourceVersion "1"]
[SourceVersionDate "2022.07.31"]
[SourceQuality "1"]

1. d4 Nf6 2. Nf3 d5 3. Bf4 c5 4. e3 Nc6 5. Nbd2 Bf5 6. dxc5 e6 7. b4 Nxb4 8. Bb5+ Nc6 9. Nd4 Qd7 10. N2b3 a6 11. Ba4 Be7 12. Na5 0-0 13. Nxb7 Qxb7 14. Bxc6 Qb4+ 15. Qd2 Qxc5 16. Nxf5 exf5 17. Bxa8 Ne4 18. Qd3 Qa5+ 19. Kf1 Rxa8 20. f3 Bf6 21. Rd1 Nc3 22. Re1 g6 23. h4 h5 24. Kf2 Rc8 25. Rh3 Nxa2 26. Rhh1 Nb4 27. Qb3 Rxc2+ 28. Re2 Rc3 29. Qb1 d4 30. Rd1 d3 31. Red2 Bxh4+ 32. g3 Bf6 33. Rc1 Qc5 34. Rxc3 Qxc3 35. Qd1 Be7 36. Kg2 a5 37. Kh2 a4 38. Rg2 0-1